Mukhtarat Min-Adabul Arabi (Record no. 6619)

MARC details
000 -LEADER
fixed length control field 00629nam a2200241 a 4500
020 ## - INTERNATIONAL STANDARD BOOK NUMBER
ISBN
082 00 - DEWEY DECIMAL CLASSIFICATION NUMBER
Classification number 892.73
Author Cutter CAI
245 ## - TITLE STATEMENT
Title Mukhtarat Min-Adabul Arabi
260 ## - PUBLICATION, DISTRIBUTION, ETC. (IMPRINT)
Place of publication Washington
Name of publisher American Council of Learned Societies
Year of publication 1944
300 ## - PHYSICAL DESCRIPTION
Number of Pages 370p
500 ## - GENERAL NOTE
General note includes index and biblioraphy
505 2# - FORMATTED CONTENTS NOTE
Formatted contents note Bibliography
650 ## - SUBJECT ADDED ENTRY--TOPICAL TERM
Topical Term Arabic-Course Book
650 ## - SUBJECT ADDED ENTRY--TOPICAL TERM
Topical Term Arabic-Literature
942 ## - ADDED ENTRY ELEMENTS (KOHA)
Koha item type Books
Holdings
Collection code Home library Current library Date acquired Cost, normal purchase price Full call number Accession Number Koha item type
  Henry Martyn Institute Library Henry Martyn Institute Library 02/12/2008 100.00 892.73 CAI 013790 Books
                   Copyright © 2026 | Henry Martyn Institute | Hyderabad | TS-500052 | INDIA | Implemented by hmi.edu.in
Hit-Count:

Powered by Koha